000 00515nmm a2200157Ia 4500
008 251105s9999||||xx |||||||||||||||||und||
020 _a9789587841497
041 _aspa
100 _aAguirre, Javier
245 0 _aFilosofía, religión y democracia: Habermas y el rol de la religión en la esfera pública
264 _a[Bogotá, Colombia] :
_bUniversidad del Rosario,
_c2018
300 _a294 páginas
650 _aPhilosophy, Ethics
856 _uhttps://public.digitaliapublishing.com/a/59753
942 _cCF
999 _c96381
_d96381